ბათუმის შოთა რუსთაველის სახელმწიფო უნივერსიტეტის ბიბლიოთეკა

გალაკტიონი თუ ცისფერყანწელები : (ბიბ.ჩანაწერი № 55895)

000 -ლიდერი
ფიქსირებული სიგრძის საკონტროლო ველი 01138nam a2200241Ia 4500
001 - საკონტროლო ნომერი
საკონტროლო ველი 22993
003 - საკონტროლო ნომრის იდენტიფიკატორი
საკონტროლო ველი GE_BSU
005 - ბოლო ოპერაციის თარიღი და დრო
საკონტროლო ველი 20230622123825.0
008 - ფიქსირებული სიგრძის მონაცემთა ელემენტები - ზოგადი ინფორმაცია
ფიქსირებული სიგრძის საკონტროლო ველი 181216s1992||||ge |||||||||||||| ||geo||
040 ## - კატალოგიზაციის წყარო
Transcribing agency GE_BSU
041 ## - ენის კოდი
Language code of text/sound track or separate title geo
080 ## - უნივერსალური ათობითი კლასიფიკაციის ინდექსი
Universal Decimal Classification number 821.353.1(092) ხ-56
100 ## - მთავარი ჩანაწერი - პიროვნების სახელი
Personal name ხინთიბიძე, აკაკი
9 (RLIN) 7027
245 ## - ცნობა სათაურის შესახებ
Title გალაკტიონი თუ ცისფერყანწელები :
Remainder of title ქართული ლექსის უახლესი რეფორმა /
Statement of responsibility, etc აკაკი ხინთიბიძე ; რედ. თ. შალაძე, ვ. ოთარაშვილი.
264 ## - წარმოების, გამოცემის, დისტრიბუციის და სხვა ცნობები
გამოცემის, წარმოების, დისტრიბუციის... ადგილი თბილისი :
გამოცემის, წარმოების, დისტრიბუციის... სახელწოდება გულანი,
გამოცემის, წარმოების, დისტრიბუციის... თარიღი 1992.
300 ## - ფიზიკური აღწერა
Extent 192გვ. ;
Other physical details 16სმ.
653 ## - INDEX TERM--UNCONTROLLED
Uncontrolled term ტაბიძე, გალაკტიონ
653 ## - INDEX TERM--UNCONTROLLED
Uncontrolled term ცისფერყანწელები
653 ## - INDEX TERM--UNCONTROLLED
Uncontrolled term ქართული ლექსის რეფორმა
700 ## - ADDED ENTRY--PERSONAL NAME
Personal name შალაძე, თ.
Relator term რედაქტორი
9 (RLIN) 18895
700 ## - ADDED ENTRY--PERSONAL NAME
Personal name ოთარაშვილი, ვ.
Relator term რედაქტორი
9 (RLIN) 18896
942 ## - ADDED ENTRY ELEMENTS (KOHA)
Koha item type წიგნი
Source of classification or shelving scheme
ეგზემპლარები
ჩამოწერის სტატუსი დაკარგული ეგზემპლარის სტატუსი კლასიფიკაციის წყარო ან თაროზე გაწყობის სქემა დაზიანების სტატუსი არ გაიცემა მუდმივი მდებარეობა (დაცვის ადგილი) ამჟამინდელი ადგილსამყოფელი თაროზე განთავსების ადგილი შეძენის თარიღი ღირებულება, შესყიდვის ნორმალური ფასი სრული შენახვის შიფრი შტრიხკოდი ბოლო ოპერაციის თარიღი ეგზემპლარის მიმდევრობითი ნომერი (კეტერი?) ფასის ძალაში შესვლის თარიღი ეგზემპლარის სახეობა საჯარო შენიშვნა
          ბათუმის შოთა რუსთაველის სახელმწიფო უნივერსიტეტის მთავარი ბიბლიოთეკა ბათუმის შოთა რუსთაველის სახელმწიფო უნივერსიტეტის მთავარი ბიბლიოთეკა წიგნსაცავი 2018-12-17 5.00 821.353.1(092) ხ-56 58428 2018-12-17 58428 2018-12-17 წიგნი 5 ლ.